Návrh na zefektívnenie činností spojených so zmenou zákazky na linkách hydraulických napínačov v podniku Schaeffler Skalica, spol. s r.o.

Salvato in:
Dettagli Bibliografici
Autore principale: Tomša, Juraj (Autore)
Altri autori: Jurík, Lukáš (Relatore della tesi)
Natura: Manoscritto Libro
Lingua:slovacco
Pubblicazione: 2020
Soggetti:
Accesso online:http://is.stuba.sk/zp/portal_zp.pl?podrobnosti=151950
Tags: Aggiungi Tag
Nessun Tag, puoi essere il primo ad aggiungerne!!

MARC

LEADER 00000ntm a22000003a 4500
001 stuzp78386
003 SK-STU
005 20200704212043.4
007 ta
008 150427s2015----xo-----f-mn---000-0-slo-d
040 |a STU  |b slo 
041 0 |a slo 
100 1 |a Tomša, Juraj  |u 064000  |k Z4  |4 aut  |U MTF Materiálovotechnologická fakulta  |T MTF Ústav priemyselného inžinierstva a manažmentu  |X 80446  |U M4000  |Y 84  |7 80446 
242 0 1 |a Proposal to improve of ativities related to the change of order on hydraulic tensioner lines in Schaeffler Skalica, spol. s r.o.  |y eng 
245 1 0 |a Návrh na zefektívnenie činností spojených so zmenou zákazky na linkách hydraulických napínačov v podniku Schaeffler Skalica, spol. s r.o. 
260 |c 2020 
650 4 |a plytvanie  |2 slo 
650 4 |a pretypovanie  |2 slo 
650 4 |a SMED  |2 slo 
650 4 |a zefektívnenie  |2 slo 
650 4 |a štíhlosť  |2 slo 
650 4 |a SMED  |2 eng 
650 4 |a waste  |2 eng 
650 4 |a changing tool process  |2 eng 
650 4 |a improvement  |2 eng 
650 4 |a lean  |2 eng 
700 1 |a Jurík, Lukáš  |u 064000  |k Z1  |4 ths  |U MTF Materiálovotechnologická fakulta  |T MTF Ústav priemyselného inžinierstva a manažmentu  |X 57263  |U M4000  |Y 84  |7 A000057263 
856 4 |u http://is.stuba.sk/zp/portal_zp.pl?podrobnosti=151950 
996 |c M* DP-14446  |l MMSKP  |s P  |a 0  |w stuzp78386_0001